000 00503nam a2200205Ia 4500
003 OSt
005 20230516093857.0
008 210423s2008 xx 000 0 und d
020 _a9780321507815
040 _cAL
041 _aeng
082 _a574.88 WATJ
_223
100 _aWATSON (James D);others.
_9104588
245 _aMolecular biology of the gene.
250 _a6
260 _aUSA
_bPearson Benjamin Cummings
_c2008
300 _axxxii,841
_bPB
365 _b5427
_cINR
942 _2ddc
_cBK
999 _c164747
_d164747